Comunidades Autónomas de España en un Minuto - Estadísticas

Estadísticas generales
  • Esta prueba ha sido intentada 6.481 veces
  • La puntuación promedio es 15 de 17
Respuestas en el mapa
Las respuestas están codificadas por una escala verde-roja en el mapa de la prueba según el % correcto abajo.
 
Estadísticas de respuestas
Comunidad % Correcto
Cataluña
96%
Madrid
96%
Andalucía
94%
Galicia
94%
Castilla y León
91%
Comunidad Valenciana
90%
Castilla-La Mancha
88%
País Vasco
88%
Murcia
87%
Asturias
86%
Extremadura
86%
Islas Canarias
86%
Aragón
85%
Islas Baleares
85%
La Rioja
83%
Cantabria
81%
Navarra
81%
No se encontraron pruebas coincidentes
Distribución de puntuación
Porcentaje de gente con cada puntuación
Porcentaje por número respondido
Historial de tus puntuaciones
No has intentado esta prueba.